000 00970cam a22003377a 4500
003 CHAP
005 20220817041339.0
008 971013s1984 r 00010 d
010 _a11820
011 _a12792
035 _a16464
040 _cCHAP
082 0 4 _a664.8
_bF32
110 2 _aFAO
245 1 0 _aPrevención de las pérdidas de alimentos en los cultivos perecederos
260 _aRoma :
_bFAO,
_c1984
300 _a57 p.
410 2 0 _aFAO
490 0 _aFAO. Servicios agrícolas
_v; 43
590 _aBATCH-UPD
_b10
_c20130110
_lUCH01
_h1626
590 _aBATCH-UPD
_b10
_c20130410
_lUCH01
_h1020
590 _aBATCH-UPD
_b10
_c20130914
_lUCH01
_h0123
590 _aCONVERSION
_b10
_c20130109
_lUCH01
_h1308
650 1 4 _aAlimentos.
_94114
650 1 4 _aAlimentos
_xAlmacenamiento.
_94162
810 0 _aFAO
830 0 0 _aFAO. Servicios agrícolas
_v; 43
_939697
901 _aBK
942 _cLIBRO
949 _a664.8 F32
_bBC
_cFAO
_d-147440
_eFAO1
_i16464
_si
999 _c11820
_d11820